Benchmarking a rendezvényszervezésben

Bibliográfiai részletek
Szerző: Kiss Boglárka
További közreműködők: Katona Dr. Mária
Dokumentumtípus: Diplomadolgozat
Kulcsszavak:rendezvényszervezés
megarendezvény
benchmarking
SWOT
Broadmoor
konferenciaszervezés
Online Access:http://dolgozattar.uni-bge.hu/2181

MARC

LEADER 00000nta a2200000 i 4500
001 dolg2181
005 20150921155747.0
008 150512suuuu hu om 000 hun d
040 |a BGE Dolgozattár Repozitórium  |b hun 
041 |a hu 
100 1 |a Kiss Boglárka 
245 1 0 |a Benchmarking a rendezvényszervezésben  |c Kiss Boglárka  |h [elektronikus dokumentum] 
695 |a rendezvényszervezés 
695 |a megarendezvény 
695 |a benchmarking 
695 |a SWOT 
695 |a Broadmoor 
695 |a konferenciaszervezés 
700 1 |a Katona Dr. Mária   |e ths 
856 4 0 |u http://dolgozattar.uni-bge.hu/2181/1/Szakdolgozat_Kiss_Boglarka_2015.pdf  |z Dokumentum-elérés